Intellectual capital as a factor of company development

Salvato in:
Dettagli Bibliografici
Autore principale: Němec, Otakar
Natura: Capitolo di libro
Lingua:inglese
Soggetti:
Tags: Aggiungi Tag
Nessun Tag, puoi essere il primo ad aggiungerne!!

MARC

LEADER 00000naa$a2200000$$$4500
001 0023465
005 20220321092150.9
041 0 |a eng 
044 |a SK 
245 1 0 |a Intellectual capital as a factor of company development  |c Otakar Němec 
610 2 0 |a kapitál intelektuálny 
610 2 0 |a manažment personálny 
610 2 0 |a vzdelávanie 
610 2 0 |a systémy znalostné 
100 1 |a Němec, Otakar